<?xml version="1.0" encoding="UTF-8"?>
<record
    xmlns:xsi="http://www.w3.org/2001/XMLSchema-instance"
    xsi:schemaLocation="http://www.loc.gov/MARC21/slim http://www.loc.gov/standards/marcxml/schema/MARC21slim.xsd"
    xmlns="http://www.loc.gov/MARC21/slim">

  <leader>01360nam a22001457a 4500</leader>
  <controlfield tag="008">150428b        xxu||||| |||| 00| 0 eng d</controlfield>
  <datafield tag="020" ind1=" " ind2=" ">
    <subfield code="a">9990967032</subfield>
  </datafield>
  <datafield tag="050" ind1=" " ind2=" ">
    <subfield code="a">HC240.I523</subfield>
  </datafield>
  <datafield tag="245" ind1=" " ind2=" ">
    <subfield code="a">The Individual in the European union and Malta, some central issues: state of European union conference 1997. /    </subfield>
    <subfield code="c">edited by Peter G. Xuereb</subfield>
  </datafield>
  <datafield tag="260" ind1=" " ind2=" ">
    <subfield code="a">Malta:</subfield>
    <subfield code="b">European documentation and reasearch centre,</subfield>
    <subfield code="c">c1997.</subfield>
  </datafield>
  <datafield tag="300" ind1=" " ind2=" ">
    <subfield code="a">298p.</subfield>
    <subfield code="c">23cm.</subfield>
  </datafield>
  <datafield tag="505" ind1=" " ind2=" ">
    <subfield code="a">Contents: Introductory chapter -- Opening address -- E.U. initiatives for employment and growth -- Employment and growth - the ETUC view -- Employment and growth - the federation of industry view -- Employment and growth - the Malta employers association group -- Employment and growth - the general workers union view -- E.U. initiatives in support of SMEs -- Is Maltese law 'SME-friendly'? -- New Maltese initiatives in support of SMEs -- E.C. social policy to date -- Current issues in EC social policy -- Malta and E.C. social policy -- Remedies against maladministration in the EU -- The European and the Maltese ombudsman -- Co-operation in justice and home affairs: structures, achievements and proposals for reform -- Co-operation in justice and home affairs: the fight against drugs -- Malta's role in international efforts to combat drug trafficking.</subfield>
  </datafield>
  <datafield tag="700" ind1=" " ind2=" ">
    <subfield code="a">Xuereb, Peter G.</subfield>
  </datafield>
  <datafield tag="942" ind1=" " ind2=" ">
    <subfield code="2">lcc</subfield>
    <subfield code="c">BK</subfield>
  </datafield>
  <datafield tag="999" ind1=" " ind2=" ">
    <subfield code="c">5437</subfield>
    <subfield code="d">12937</subfield>
  </datafield>
  <datafield tag="952" ind1=" " ind2=" ">
    <subfield code="0">0</subfield>
    <subfield code="1">0</subfield>
    <subfield code="2">lcc</subfield>
    <subfield code="4">0</subfield>
    <subfield code="7">0</subfield>
    <subfield code="a">WIUC-1</subfield>
    <subfield code="b">WIUC-1</subfield>
    <subfield code="c">LL</subfield>
    <subfield code="d">2015-04-28</subfield>
    <subfield code="l">0</subfield>
    <subfield code="o">HC240.I523</subfield>
    <subfield code="p">079/15</subfield>
    <subfield code="r">2015-04-28 00:00:00</subfield>
    <subfield code="w">2015-04-28</subfield>
    <subfield code="y">BK</subfield>
  </datafield>
</record>
